Kate Winslet Movies - Statistics

General Stats
  • This quiz has been taken 824 times
    796 since last reset
  • The average score is 7 of 28
Answer Stats
Hint Answer % Correct
1997 Titanic
99%
2008 The Reader
75%
2008 Revolutionary Road
71%
2006 The Holiday
53%
1995 Sense and Sensibility
50%
2004 Eternal Sunshine of the Spotless Mind
47%
1994 Heavenly Creatures
34%
2006 Little Children
31%
2004 Finding Neverland
29%
2001 Iris
28%
1998 Hideous Kinky
26%
2000 Quills
23%
2011 Contagion
20%
2006 Flushed Away
18%
1999 Holy Smoke
18%
2003 The Life of David Gale
18%
1996 Jude
16%
1996 Hamlet
15%
2011 Carnage
14%
2001 Enigma
13%
2006 All the King's Men
11%
2001 Christmas Carol: The Movie
9%
2005 Romance and Cigarettes
8%
1995 A Kid in King Arthur's Court
7%
2013 Movie 43
6%
1999 Faeries
4%
2007 The Fox and the Child
4%
2002 Plunge: The Movie
2%
No matching quizzes found
Score Distribution
Percent of People with Each Score
Percentile by Number Answered
Your Score History
You have not taken this quiz since the last reset